Pohľady na slovenskú politiku geopolitika, slovenské národné rady, čechoslovakizmus

Salvato in:
Dettagli Bibliografici
Autore principale: Pekník, Miroslav
Natura: Libro
Lingua:slovacco
ceco
Pubblicazione: Bratislava VEDA 2000
Soggetti:
Tags: Aggiungi Tag
Nessun Tag, puoi essere il primo ad aggiungerne!!

MARC

LEADER 00000nam a2200000 4500
001 c123843
005 20221108093321.3
020 |a 80-224-0584-1 
041 0 |a slo 
041 0 |a cze 
044 |a SK 
245 1 0 |a Pohľady na slovenskú politiku  |b geopolitika, slovenské národné rady, čechoslovakizmus  |c Miroslav Pekník a kolektív 
264 1 |a Bratislava  |b VEDA  |c 2000 
300 |a 759 s. 
610 2 0 |a politika 
610 2 0 |a história 
610 2 0 |a dejiny 
610 2 0 |a štát 
610 2 0 |a národ 
610 2 0 |a národnosti 
610 2 0 |a poslanci 
610 2 0 |a vývoj hospodársky 
610 2 0 |a vývoj spoločenský 
610 2 0 |a politika medzinárodná 
610 2 0 |a Slovensko 
610 2 0 |a 1901- 
100 1 |a Pekník, Miroslav